Jamiroquai - Virtual Insanity (Lyrics) - Statistics

General Stats
  • This quiz has been taken 80 times
  • The average score is 339 of 513
Answer Stats
Answer % Correct
I
100%
we
96%
a
94%
in?
94%
in
94%
in,
94%
in),
94%
in)
94%
Who
90%
where
88%
Where
88%
No
86%
no
86%
virtual
86%
virtual,
86%
(Virtual
86%
Virtual
86%
insanity
84%
insanity)
84%
it
84%
that
84%
That
84%
to
84%
To
84%
we're
84%
livin'
80%
of
80%
Of
80%
of,
80%
the
80%
What
80%
what
80%
be
78%
see,
78%
see
78%
can
76%
Is
76%
is
76%
is,
76%
world
76%
it's
75%
It's
75%
me
75%
all
73%
all,
73%
do
73%
do,
73%
for
73%
For
73%
made
73%
made'
73%
now
73%
Now
73%
now,
73%
there
73%
There
73%
Futures
71%
futures
71%
Futures,
71%
so
71%
us?
71%
us
71%
seem
69%
this
69%
you
69%
always
67%
And
67%
go
67%
live
67%
Oh
67%
Oh,
67%
oh,
67%
Oh...
67%
oh
67%
new
65%
technology
65%
tell
65%
useless
65%
way
65%
have
63%
not
63%
nothin'
63%
should
63%
underground
63%
underground,
63%
When
63%
can't
61%
love
61%
man
61%
man-
61%
sound
61%
sound,
61%
twisting
61%
are
59%
doin'
59%
I'm
59%
magic
59%
by
57%
child
57%
color
57%
small
57%
spells
57%
we'll
57%
Well,
57%
Well...
57%
but
55%
Let
55%
mother
55%
my
55%
natures
55%
That's
55%
that's
55%
think
55%
big
53%
her
53%
just
53%
know
53%
know,
53%
on
53%
told
53%
yeah,
53%
Yeah,
53%
yeah
53%
Yes,
53%
choose
51%
eat
51%
every
51%
things
51%
Things
51%
at
47%
begin
47%
crazy
47%
governed
47%
left
47%
sin
47%
yesterday
47%
find
45%
givin'
45%
mess
45%
religion
45%
There's
45%
there's
45%
will
45%
ya
45%
Cause
43%
never
43%
Only
43%
our
43%
pray
43%
they
43%
breathe
41%
change
41%
change,
41%
living
41%
(living
41%
give
39%
goin'
39%
If
39%
nothing
39%
said
39%
these
39%
time
39%
worse,
39%
worse
39%
your
39%
insane
37%
something
37%
take,
37%
(take
37%
thinkin',
37%
going
35%
half
35%
Hard
35%
immersed
35%
wonder
35%
bad
33%
reality
31%
strain
31%
Woah,
31%
woah!
31%
another
29%
As
29%
could
29%
Forget
29%
more
29%
Nothin's
29%
changing
27%
has
27%
Has
27%
synthesize
27%
got
25%
than
25%
foolish
24%
alright
22%
aw
22%
Hey!
20%
life
20%
same
18%
slip
18%
wrong
18%
Out
16%
keep
14%
sickly
14%
earthly
12%
ties
12%
meddling
8%
dance
6%
floor)
6%
No matching quizzes found
Score Distribution
Percent of People with Each Score
Percentile by Number Answered
Your Score History
You have not taken this quiz